000 01318nam0a22003971 4500
001 v19\rc\1680081
005 20250619053216.0
035 _a(NLR Aleph) 004841313
090 _a4825089
_c4825089
100 _a20061002d1895 |||y0rusy50 ca
101 1 _arus
_cfre
102 _aRU
105 _aa z |||||
200 1 _aЧудеса полярного мира
_fЕ. Лебазейль
_gПер. Е. Костко
210 _aСанкт-Петербург
_cП.П. Сойкин
_d1895
215 _a168 с., 35 ил.
_d18
225 1 _aПолезная библиотека
311 _aПрил. к журн.: "Природа и люди"
422 0 _12001#$aПрирода и люди
_tПрирода и люди
532 1 3 _aЧудеса полярного мира
700 1 _9z01790
_aЛебазейль
_bЭ.
_f1826-
_gЭжен
702 1 _aКостко
_bЕ.
_4730
790 1 _9z01700
_aЛебазейль
_bЕ.
_f1826-
801 0 _aRU
_bNLR
_gpsbo
801 0 _aRU
_bRuMoRGB
_2psbo
801 1 _aRU
_bProSoft-M
_2rusmarc
852 _aNLR
_j20.47.6.2
852 _aNLR
_j45/605
852 _aNLR
_j128/2784(алл.)
899 _aRuMoRGB
_jA 226/589
899 _aRuMoRGB
_jT 77/188
899 _aНБ СПбГУ
899 _aRuMoRGB
_jU 266/507
942 _cBOOK
980 _aNB